00379nam a22001577a 4500003000400000008004100004020001800045082001500063100002400078245003800102250000800140260002500148300000900173650000800182700003100190OSt220610b ||||| |||| 00| 0 eng d a9788131799437 a005.12 DAD aDAVE, Prag Himanshu aDesign and Analysis of Algorithms a2nd anoidabPearsonc2013 a1073 aCSE aDAVE, Himanshu Bhalchandra